New York City by Every Category Quiz Stats

 Plays Quiz Updated Aug 24, 2018

Score 0/15 Timer 06:00
1 Play Today
% Correct
New York Yankees
98.4%
Friends
95.9%
Manhattan
95.2%
Empire State Building
94.6%
Spanish
93.8%
Home Alone 2: Lost in New York
89.7%
Broadway
88.9%
Theodore Roosevelt
83.4%
% Correct
Madison Square Garden
81.7%
Columbia University
73.8%
Macy's Thanksgiving Day Parade
72.3%
Grand Theft Auto
69.4%
J. D. Salinger
69.2%
The Cathedral of St. Patrick
45.8%
Meteorology
10.3%

You're not logged in!

Compare scores with friends on all Sporcle quizzes.
OR
Log In

Sporcle TV

Today on Sporcle TV


Watch our educational content, quiz creation guides, and fun videos on Sporcle TV.

Show Comments

Extras

Top Quizzes Today


Score Distribution

Your Account Isn't Verified!

In order to create a playlist on Sporcle, you need to verify the email address you used during registration. Go to your Sporcle Settings to finish the process.

Report this User

Report this user for behavior that violates our Community Guidelines.

Details: